موسوعة المسابقات النسائية 2500 سؤال و جواب / (رقم التسجيلة. 95731)

تفاصيل مارك
000 -الفاتح
عناصر البيانات ثابتة الطول 00957cam a2200229 i 4500
005 - تاريخ ووقت آخر معاملة
حقل ضبط 20251120090503.0
008 - عناصر البيانات ثابتة الطول
عناصر البيانات ثابتة الطول 250721s2005 ua gr 000 0 ara d
082 14 - رقم تصنيف ديوي العشري
رقم التصنيف 210.79
رقم المادة ا ب ر
100 1# - مدخل رئيسي – اسم شخصي
الاسم الشخصي إبراهيم، قاسم عبدالله
علاقة الشخص بالعمل/ دوره مؤلف.
245 10 - بيان العنوان
العنوان موسوعة المسابقات النسائية 2500 سؤال و جواب /
بيان المسؤولية قاسم عبدالله ابراهيم، محمد سعيد مرسي، محمد عبدالله صالح.
250 ## - بيان الطبعة
بيان الطبعة الطبعة الاولى.
264 31 - بيانات النشر، التوزيع…إلخ
مكان النشر، التوزيع...إلخ القاهره :
اسم الناشر، الموزع...إلخ مؤسسة إقرأ للنشر و التوزيع و الترجمة،
تاريخ النشر، التوزيع...إلخ 2005.
300 ## - الوصف المادي
عدد الوحدات المكونة للوعاء 477 صفحة.
650 17 - مدخل إضافي بالموضوع - مصطلح موضوعي
مصطلح موضوعي أو اسم جغرافي كعنصر مدخل الإسلام
650 17 - مدخل إضافي بالموضوع - مصطلح موضوعي
مصطلح موضوعي أو اسم جغرافي كعنصر مدخل المسابقات.
650 17 - مدخل إضافي بالموضوع - مصطلح موضوعي
مصطلح موضوعي أو اسم جغرافي كعنصر مدخل المرأة المسلمة.
650 17 - مدخل إضافي بالموضوع - مصطلح موضوعي
مصطلح موضوعي أو اسم جغرافي كعنصر مدخل الفقه الإسلامي.
700 1# - مدخل إضافي - اسم شخصي
الاسم الشخصي مرسي، محمد سعيد
علاقة الشخص بالعمل/ دوره مؤلف.
700 1# - مدخل إضافي - اسم شخصي
الاسم الشخصي صالح، محمد عبد الله
علاقة الشخص بالعمل/ دوره مؤلف.
942 ## - بيانات إضافية (كوها)
نوع التنصيف Dewey Decimal Classification
نوع المادة (كوها) كتب
المقتنيات
حالة السحب حالة الفقدان مصدر التصنيف حالة التلف غير قابل للإعارة المكتبة الرئيسية المكتبة الحالية موقع الرف تاريخ التزويد الرقم المتسلسل Total Checkouts رقم الإستدعاء الباركود تاريخ آخر ظهور تاريخ الفاتورة نوع المادة (كوها)
    Dewey Decimal Classification   Not For Loan المكتبة المركزية المكتبة المركزية مقتنيات قسم التزويد 28/07/2025 870908   210.79/ إبر 870908 28/07/2025 28/07/2025 كتب
    Dewey Decimal Classification   Not For Loan المكتبة المركزية المكتبة المركزية مقتنيات قسم التزويد 28/07/2025 870909   210.79/ إبر 870909 28/07/2025 28/07/2025 كتب
    Dewey Decimal Classification   Not For Loan المكتبة المركزية المكتبة المركزية مقتنيات قسم التزويد 28/07/2025 870910   210.79/ إبر 870910 28/07/2025 28/07/2025 كتب
    Dewey Decimal Classification     المكتبة المركزية المكتبة المركزية الإعارة 28/05/2016 1626602   210.79/ إ ب ر PLD00390312 28/07/2025 28/05/2016 كتب
    Dewey Decimal Classification     مكتبة أبو علندا العامة مكتبة أبو علندا العامة الإعارة 28/07/2025 871172   210.79/ إبر 871172 28/07/2025 28/07/2025 كتب
    Dewey Decimal Classification     مكتبة البراعم الواعدة مكتبة البراعم الواعدة الإعارة 02/07/2015 1601200   210.79/ إبر PLD00335567 28/07/2025 02/07/2015 كتب
    Dewey Decimal Classification     مكتبة الحسن العامة مكتبة الحسن العامة الإعارة 28/07/2025 871170   210.79/ إبر 871170 28/07/2025 28/07/2025 كتب
    Dewey Decimal Classification     مكتبة حمزة العامة مكتبة حمزة العامة الإعارة 28/07/2025 871171   210.79/ إبر 871171 28/07/2025 28/07/2025 كتب
    Dewey Decimal Classification     مكتبة صويلح العامة مكتبة صويلح العامة الإعارة 28/07/2025 871169   210.79/ إبر 871169 28/07/2025 28/07/2025 كتب
Implemented & Customized by: BBB with SCIT (Smart Chains for Information Technology)

Powered by Koha